[Event "Titled Tuesday intern op 02nd Nov"]
[Site "Chess.com INT"]
[Date "2021.11.02"]
[Round "10"]
[White "Damjanovic, Vladimir"]
[Black "Maly, Alexey"]
[Result "1-0"]
[WhiteElo "2393"]
[BlackElo "2368"]
[PlyCount "37"]
[EventDate "2021.11.02"]
[EventType "swiss (blitz)"]
[EventRounds "11"]
[EventCountry "USA"]
[SourceTitle "CBM 205 Extra"]
[Source "ChessBase"]
[SourceDate "2022.01.31"]
[SourceVersion "1"]
[SourceVersionDate "2022.01.31"]
[SourceQuality "1"]

1. d4 d5 2. Nc3 Nf6 3. Bf4 a6 4. e3 e6 5. g4 c5 6. g5 Nfd7 7. h4 Nc6 8. Nf3 b5 9. a3 Bb7 10. h5 Be7 11. Rh3 Qb6 12. g6 hxg6 13. hxg6 Rxh3 14. gxf7+ Kxf7 15. Bxh3 Rh8 16. Ng5+ Bxg5 17. Bxe6+ Kxe6 18. Qg4+ Ke7 19. Nxd5+ 1-0

[Event "Titled Tuesday intern op 02nd Nov"]
[Site "Chess.com INT"]
[Date "2021.11.02"]
[Round "9"]
[White "Damjanovic, Vladimir"]
[Black "Shapiro, Daniel E"]
[Result "1-0"]
[WhiteElo "2393"]
[BlackElo "2284"]
[PlyCount "59"]
[EventDate "2021.11.02"]
[EventType "swiss (blitz)"]
[EventRounds "11"]
[EventCountry "USA"]
[SourceTitle "CBM 205 Extra"]
[Source "ChessBase"]
[SourceDate "2022.01.31"]
[SourceVersion "1"]
[SourceVersionDate "2022.01.31"]
[SourceQuality "1"]

1. d4 Nf6 2. Nc3 d5 3. Bf4 c5 4. e3 e6 5. Nb5 Na6 6. c3 Bd7 7. h3 Qb6 8. a4 Be7 9. Nf3 0-0 10. Be2 Bc6 11. Ne5 c4 12. b3 Bxb5 13. axb5 Qxb5 14. bxc4 Qb2 15. 0-0 Qxc3 16. c5 Nb8 17. Rb1 b6 18. c6 Rc8 19. Rc1 Qa5 20. Qd3 Ne8 21. Ra1 Qb4 22. Rfb1 Qd6 23. Bh5 g6 24. Nxg6 Qd8 25. Ne5 Nd6 26. Nxf7 Nxf7 27. Bxf7+ Kxf7 28. Qxh7+ Kf8 29. Bh6+ Ke8 30. Qg6# 1-0

[Event "Titled Tuesday intern op 02nd Nov"]
[Site "Chess.com INT"]
[Date "2021.11.02"]
[Round "5"]
[White "Efremova, Yulia"]
[Black "Damjanovic, Vladimir"]
[Result "1-0"]
[WhiteElo "2127"]
[BlackElo "2393"]
[PlyCount "127"]
[EventDate "2021.11.02"]
[EventType "swiss (blitz)"]
[EventRounds "11"]
[EventCountry "USA"]
[SourceTitle "CBM 205 Extra"]
[Source "ChessBase"]
[SourceDate "2022.01.31"]
[SourceVersion "1"]
[SourceVersionDate "2022.01.31"]
[SourceQuality "1"]

1. e4 c6 2. d4 d5 3. exd5 cxd5 4. Nf3 Nc6 5. c3 Bg4 6. Bd3 e6 7. Bf4 Bd6 8. Bxd6 Qxd6 9. Nbd2 Nge7 10. 0-0 Bh5 11. h3 0-0 12. Re1 Rae8 13. Qe2 Bg6 14. a4 Bxd3 15. Qxd3 Ng6 16. Rad1 f6 17. b4 Nf4 18. Qf1 Qc7 19. a5 Nd8 20. Rc1 Nf7 21. Nb3 Nd6 22. Nc5 b6 23. axb6 axb6 24. Nd3 Ng6 25. Re2 Re7 26. Ra2 Ree8 27. Qe1 Ne4 28. Ra3 Ra8 29. Rca1 Rxa3 30. Rxa3 Re8 31. Qa1 Nf8 32. Nfe1 Rc8 33. Ra7 Qxc3 34. Qa6 Qc6 35. b5 Qe8 36. Qb7 Nd7 37. Qxd7 Qxd7 38. Rxd7 Nc3 39. Rd6 Ne2+ 40. Kf1 Nxd4 41. Rxb6 Rc3 42. Rb8+ Kf7 43. b6 Rb3 44. b7 e5 45. Nc5 Rb1 46. Nd7 Nc2 47. g4 Rxe1+ 48. Kg2 Rb1 49. Rf8+ Ke6 50. b8Q Ne1+ 51. Kg3 Rxb8 52. Nxb8 d4 53. f4 e4 54. f5+ Kd5 55. Nd7 d3 56. Kf2 Nc2 57. Nb6+ Kc5 58. Na4+ Kb4 59. Re8 Kxa4 60. Rxe4+ Kb3 61. Re7 Kc3 62. Rxg7 Nd4 63. Rc7+ Kd2 64. Rxh7 1-0

[Event "Titled Tuesday intern op 26th Oct"]
[Site "Chess.com INT"]
[Date "2021.10.26"]
[Round "1"]
[White "Damjanovic, Vladimir"]
[Black "Molina, Roberto Junio Brito"]
[Result "0-1"]
[WhiteElo "2393"]
[BlackElo "2434"]
[PlyCount "110"]
[EventDate "2021.10.26"]
[EventType "swiss (blitz)"]
[EventRounds "11"]
[EventCountry "USA"]
[SourceTitle "CBM 204 Extra"]
[Source "ChessBase"]
[SourceDate "2021.11.30"]
[SourceVersion "1"]
[SourceVersionDate "2021.11.30"]
[SourceQuality "1"]

1. d4 d5 2. c4 c6 3. Nc3 Nf6 4. e3 a6 5. Bd3 g6 6. b3 Bg7 7. h3 0-0 8. Bb2 b5 9. Nf3 Bf5 10. Bxf5 gxf5 11. Qc2 e6 12. g4 b4 13. Ne2 Ne4 14. gxf5 Qf6 15. Ne5 Qxf5 16. f3 Nd6 17. Qxf5 Nxf5 18. Kf2 f6 19. Nd3 a5 20. a3 Na6 21. Rhc1 Rfb8 22. Nef4 Kf7 23. cxd5 cxd5 24. axb4 Nxb4 25. Rc7+ Ke8 26. Nxb4 axb4 27. Nxe6 Bh6 28. e4 dxe4 29. fxe4 Nd6 30. e5 fxe5 31. dxe5 Nf7 32. Rg1 Ng5 33. Nxg5 Ra2 34. Ne6 Rxb2+ 35. Kf3 Rxb3+ 36. Ke4 Re3+ 37. Kd4 Rf3 38. Ke4 Re3+ 39. Kd4 Rf3 40. Rxh7 Be3+ 41. Ke4 Bxg1 42. Kxf3 Rb6 43. Nc7+ Kf8 44. Nd5 Rb5 45. Rd7 b3 46. e6 Bc5 47. Nc7 Rb4 48. Rf7+ Kg8 49. Ne8 Bd4 50. Nd6 Rb8 51. e7 b2 52. Nc8 Rxc8 53. Rf8+ Rxf8+ 54. exf8Q+ Kxf8 55. Ke4 b1Q+ 0-1

[Event "Titled Tuesday intern op 26th Oct"]
[Site "Chess.com INT"]
[Date "2021.10.26"]
[Round "4"]
[White "Sabar, Ethmane Daouda"]
[Black "Damjanovic, Vladimir"]
[Result "0-1"]
[WhiteElo "2040"]
[BlackElo "2393"]
[PlyCount "84"]
[EventDate "2021.10.26"]
[EventType "swiss (blitz)"]
[EventRounds "11"]
[EventCountry "USA"]
[SourceTitle "CBM 204 Extra"]
[Source "ChessBase"]
[SourceDate "2021.11.30"]
[SourceVersion "1"]
[SourceVersionDate "2021.11.30"]
[SourceQuality "1"]

1. b3 Nf6 2. Bb2 g6 3. Bxf6 exf6 4. c4 d5 5. cxd5 Qxd5 6. Nc3 Qd8 7. Nf3 Ba3 8. Qc2 0-0 9. Nb5 Bd6 10. Nxd6 Qxd6 11. Rc1 c6 12. e3 Bf5 13. Qc3 Nd7 14. d4 Nb6 15. Be2 Nd5 16. Qc5 Qd7 17. 0-0 Rfe8 18. Rfd1 Bg4 19. h3 Bf5 20. Nh2 h5 21. Bf3 Be6 22. Nf1 f5 23. Ng3 f4 24. Bxd5 Bxd5 25. exf4 h4 26. Nf1 Qf5 27. Ne3 Rxe3 28. fxe3 Qe4 29. Qc2 Qxe3+ 30. Qf2 Qe7 31. Re1 Qf6 32. Re5 a5 33. Rce1 Kg7 34. f5 g5 35. R1e3 a4 36. g3 axb3 37. axb3 Ra1+ 38. Re1 Ra3 39. gxh4 Rxb3 40. hxg5 Qxg5+ 41. Kf1 Rf3 42. f6+ Qxf6 0-1

[Event "Titled Tuesday intern op 28th Sept"]
[Site "Chess.com INT"]
[Date "2021.09.28"]
[Round "9"]
[White "Damjanovic, Vladimir"]
[Black "Herrera Reyes, Jose Antonio"]
[Result "0-1"]
[WhiteElo "2393"]
[BlackElo "2319"]
[PlyCount "84"]
[EventDate "2021.09.28"]
[EventType "swiss (blitz)"]
[EventRounds "11"]
[EventCountry "USA"]
[SourceTitle "CBM 204 Extra"]
[Source "ChessBase"]
[SourceDate "2021.11.30"]
[SourceVersion "1"]
[SourceVersionDate "2021.11.30"]
[SourceQuality "1"]

1. d4 Nf6 2. c4 c5 3. d5 b5 4. cxb5 a6 5. e3 axb5 6. Bxb5 Qa5+ 7. Nc3 Bb7 8. Bd2 Qb6 9. Bc4 e6 10. e4 Nxe4 11. Nf3 Ba6 12. Bxa6 Nxc3 13. Bxc3 Qxa6 14. Qd2 Be7 15. a3 0-0 16. 0-0-0 Qc4 17. Qd3 Qa2 18. Qb1 Qb3 19. Qc2 Qb5 20. Rhe1 Na6 21. Ne5 Nb4 22. Qe2 Na2+ 23. Kc2 Nxc3 24. Kxc3 Qa4 25. Qc4 Qa5+ 26. Kc2 Ra7 27. dxe6 dxe6 28. Nc6 Qb6 29. Nxa7 Qxa7 30. Rd3 Rb8 31. Red1 Bf6 32. Rb3 Rc8 33. Rbd3 Qa8 34. f3 h6 35. Rb3 Qc6 36. Qb5 Qc7 37. Rbd3 Qxh2 38. Qb7 Rb8 39. Qe4 Rxb2+ 40. Kc1 Rb8 41. R3d2 Bg5 42. f4 Qxf4 0-1

[Event "Titled Tuesday intern op 28th Sept"]
[Site "Chess.com INT"]
[Date "2021.09.28"]
[Round "1"]
[White "Visakh, Narayanan Rajeswari"]
[Black "Damjanovic, Vladimir"]
[Result "1-0"]
[WhiteElo "2510"]
[BlackElo "2393"]
[PlyCount "91"]
[EventDate "2021.09.28"]
[EventType "swiss (blitz)"]
[EventRounds "11"]
[EventCountry "USA"]
[SourceTitle "CBM 204 Extra"]
[Source "ChessBase"]
[SourceDate "2021.11.30"]
[SourceVersion "1"]
[SourceVersionDate "2021.11.30"]
[SourceQuality "1"]

1. d4 Nf6 2. c4 e6 3. Nc3 d5 4. Nf3 c6 5. Bg5 h6 6. Bxf6 Qxf6 7. e3 Nd7 8. Be2 Bd6 9. 0-0 Qe7 10. e4 dxe4 11. Nxe4 Bc7 12. Bd3 0-0 13. Re1 Nf6 14. Nxf6+ Qxf6 15. Qe2 Rd8 16. Rad1 Bd7 17. Qe4 g6 18. Qe3 Qf4 19. Qe2 c5 20. Be4 cxd4 21. Bxb7 Rab8 22. Rxd4 Qf6 23. Be4 Bb6 24. Rd3 Ba5 25. Rb1 Qg7 26. b3 f5 27. Bc6 Bxc6 28. Rxd8+ Rxd8 29. Qxe6+ Kh7 30. Qxc6 Qb2 31. Qb7+ Kg8 32. Rf1 Bb6 33. h4 Qf6 34. b4 g5 35. c5 g4 36. cxb6 axb6 37. Nh2 Qxh4 38. Qxb6 Qg5 39. Qe3 Qf6 40. Re1 Kf7 41. Nf1 h5 42. Ng3 f4 43. Qb3+ Kf8 44. Nxh5 Qh4 45. Nxf4 g3 46. Ng6+ 1-0

[Event "Titled Tuesday intern op 24th Aug"]
[Site "Chess.com INT"]
[Date "2021.08.24"]
[Round "8"]
[White "Aradhya, Garg"]
[Black "Damjanovic, Vladimir"]
[Result "1/2-1/2"]
[WhiteElo "2198"]
[BlackElo "2393"]
[PlyCount "147"]
[EventDate "2021.08.24"]
[EventType "swiss (blitz)"]
[EventRounds "11"]
[EventCountry "USA"]
[SourceTitle "EXT 2022"]
[Source "ChessBase"]
[SourceDate "2021.10.06"]
[SourceVersion "1"]
[SourceVersionDate "2021.10.06"]
[SourceQuality "1"]

1. d4 Nf6 2. c4 c6 3. Nc3 d5 4. e3 e6 5. Nf3 Nbd7 6. Be2 Bd6 7. 0-0 0-0 8. a4 a5 9. Qc2 dxc4 10. Nd2 Nb6 11. Nxc4 Nxc4 12. Bxc4 Qe7 13. Bd2 e5 14. h3 Bc7 15. d5 e4 16. dxc6 Qe5 17. g3 bxc6 18. h4 h6 19. Ne2 Bh3 20. Rfc1 Qf5 21. Nd4 Qh5 22. Bf1 Bxf1 23. Kxf1 Be5 24. Nxc6 Kh8 25. Qd1 Qf5 26. Nxe5 Qxe5 27. Bc3 Qf5 28. Kg2 Ng4 29. Qe2 f6 30. Bd4 Rab8 31. Rc5 Ne5 32. Rd1 Rfc8 33. Rxa5 Qg4 34. Qxg4 Nxg4 35. Bc3 h5 36. Rxh5+ Kg8 37. Rf5 Rxc3 38. bxc3 Rb2 39. Kg1 Ra2 40. Rf4 Ne5 41. Rxe4 Kf7 42. Rd5 Ke6 43. Rdxe5+ fxe5 44. Kg2 Kf5 45. Rb4 e4 46. Rb5+ Kf6 47. g4 Rxa4 48. Rb4 Ra3 49. Rxe4 Rxc3 50. g5+ Kg6 51. Kg3 Kh5 52. Re7 Rb3 53. f3 Kg6 54. Kg4 Rb4+ 55. f4 Rb1 56. h5+ Kh7 57. h6 Kh8 58. hxg7+ Kg8 59. Re8+ Kxg7 60. f5 Kf7 61. Re4 Rh1 62. Kf4 Rg1 63. g6+ Kf6 64. Re6+ Kg7 65. Re7+ Kg8 66. Ke5 Rb1 67. Kf6 Rb6+ 68. Re6 Rb8 69. e4 Rf8+ 70. Kg5 Ra8 71. f6 Rb8 72. Re8+ Rxe8 73. f7+ Kg7 74. fxe8Q 1/2-1/2

[Event "Titled Tuesday intern op 24th Aug"]
[Site "Chess.com INT"]
[Date "2021.08.24"]
[Round "11"]
[White "Damjanovic, Vladimir"]
[Black "Murzin, Volodar"]
[Result "0-1"]
[WhiteElo "2393"]
[BlackElo "2505"]
[PlyCount "66"]
[EventDate "2021.08.24"]
[EventType "swiss (blitz)"]
[EventRounds "11"]
[EventCountry "USA"]
[SourceTitle "EXT 2022"]
[Source "ChessBase"]
[SourceDate "2021.10.06"]
[SourceVersion "1"]
[SourceVersionDate "2021.10.06"]
[SourceQuality "1"]

1. e4 c6 2. Nf3 d5 3. d3 Qc7 4. Nc3 dxe4 5. dxe4 e5 6. Bc4 Be7 7. 0-0 Nd7 8. a4 Ngf6 9. Qe2 0-0 10. Rd1 Nc5 11. h3 Ne6 12. Be3 b6 13. Kh2 Nd4 14. Qd2 Rd8 15. Qc1 Nxf3+ 16. gxf3 Nh5 17. Rxd8+ Qxd8 18. Qd1 Qc7 19. Ne2 Bd7 20. Qg1 Rd8 21. Rd1 Bc8 22. b3 Rd6 23. Rxd6 Qxd6 24. Ng3 Nf4 25. Bxf4 exf4 26. Nh5 Qe5 27. Qd1 Qxh5 28. Qd2 Qxh3+ 29. Kg1 Qd7 30. Qxf4 Bd8 31. e5 Bc7 32. Kg2 Qe7 33. Qe4 Bd7 0-1

[Event "Titled Tuesday intern op 24th Aug"]
[Site "Chess.com INT"]
[Date "2021.08.24"]
[Round "10"]
[White "Leitao, Rafael Duailibe"]
[Black "Damjanovic, Vladimir"]
[Result "0-1"]
[WhiteElo "2592"]
[BlackElo "2393"]
[PlyCount "94"]
[EventDate "2021.08.24"]
[EventType "swiss (blitz)"]
[EventRounds "11"]
[EventCountry "USA"]
[SourceTitle "EXT 2022"]
[Source "ChessBase"]
[SourceDate "2021.10.06"]
[SourceVersion "1"]
[SourceVersionDate "2021.10.06"]
[SourceQuality "1"]

1. c4 Nf6 2. Nc3 e6 3. e4 e5 4. d3 Nc6 5. f4 Bb4 6. Nf3 d6 7. a3 Bxc3+ 8. bxc3 0-0 9. f5 g6 10. Bg5 gxf5 11. Be2 h6 12. Bh4 Kg7 13. 0-0 Ne7 14. Bxf6+ Kxf6 15. d4 f4 16. g3 Ng6 17. Qd2 Kg7 18. Kh1 f5 19. dxe5 fxe4 20. gxf4 exf3 21. Bd3 dxe5 22. Qc2 Nxf4 23. Rxf3 Kh8 24. Rg1 Bd7 25. Be4 Qf6 26. Qf2 Rg8 27. Rfg3 Bc6 28. Qf3 Bxe4 29. Qxe4 Qc6 30. Qxc6 bxc6 31. Re1 Rxg3 32. hxg3 Nd3 33. Re3 Rd8 34. Kg2 Kg7 35. Kf3 Kf6 36. Ke2 Nc5 37. Rf3+ Ke6 38. g4 Rg8 39. Rh3 Rg6 40. Ke3 Nd7 41. g5 hxg5 42. Rh8 g4 43. Kf2 Nf6 44. Ra8 g3+ 45. Kg2 Nh5 46. Rxa7 Nf4+ 47. Kg1 g2 0-1

[Event "Titled Tuesday intern op 24th Aug"]
[Site "Chess.com INT"]
[Date "2021.08.24"]
[Round "1"]
[White "Simonovic, Miroslav"]
[Black "Damjanovic, Vladimir"]
[Result "0-1"]
[WhiteElo "2115"]
[BlackElo "2393"]
[PlyCount "56"]
[EventDate "2021.08.24"]
[EventType "swiss (blitz)"]
[EventRounds "11"]
[EventCountry "USA"]
[SourceTitle "EXT 2022"]
[Source "ChessBase"]
[SourceDate "2021.10.06"]
[SourceVersion "1"]
[SourceVersionDate "2021.10.06"]
[SourceQuality "1"]

1. d4 Nf6 2. Bg5 e6 3. e4 c5 4. e5 h6 5. Bxf6 gxf6 6. exf6 Qxf6 7. c3 Nc6 8. Nf3 Rg8 9. g3 d5 10. Bg2 Bd7 11. 0-0 0-0-0 12. a4 Kb8 13. dxc5 Bxc5 14. b4 Bxb4 15. Qb3 Ba5 16. Ra2 Bb6 17. Na3 Na5 18. Qc2 Rc8 19. Rc1 Rc7 20. Nb5 Bxb5 21. axb5 Rgc8 22. Qh7 Rxc3 23. Rxc3 Rxc3 24. Re2 Rc1+ 25. Bf1 Qxf3 26. Qh8+ Kc7 27. Qe5+ Kd7 28. Rd2 Nc4 0-1

[Event "Titled Tuesday intern op 17th Aug"]
[Site "Chess.com INT"]
[Date "2021.08.17"]
[Round "4"]
[White "Borawski, Jakub"]
[Black "Damjanovic, Vladimir"]
[Result "0-1"]
[WhiteElo "2222"]
[BlackElo "2393"]
[PlyCount "106"]
[EventDate "2021.08.17"]
[EventType "swiss (blitz)"]
[EventRounds "11"]
[EventCountry "USA"]
[SourceTitle "EXT 2022"]
[Source "ChessBase"]
[SourceDate "2021.10.06"]
[SourceVersion "1"]
[SourceVersionDate "2021.10.06"]
[SourceQuality "1"]

1. e4 c5 2. Nf3 d6 3. d4 cxd4 4. Nxd4 Nf6 5. Nc3 a6 6. Be2 e5 7. Nb3 Be7 8. 0-0 0-0 9. Kh1 Be6 10. f3 Nbd7 11. Bg5 b5 12. Bxf6 Nxf6 13. a4 b4 14. Na2 d5 15. exd5 Nxd5 16. Qc1 Bg5 17. Qb1 Ne3 18. Re1 Bf4 19. g3 Bxg3 20. hxg3 Qg5 21. Qc1 f5 22. Bc4 Qh5+ 23. Kg1 Nxc4 24. Nd2 Nxd2 25. Qxd2 Qxf3 26. Qf2 Qxf2+ 27. Kxf2 Bxa2 28. Rxa2 e4 29. c3 bxc3 30. bxc3 Rac8 31. Re3 Rfd8 32. Ke2 Kf7 33. Rb2 Rd7 34. Rb6 Rcd8 35. Rxa6 Rd1 36. Kf2 R8d6 37. Ra7+ Kf6 38. a5 Ra1 39. g4 g6 40. gxf5 gxf5 41. Rxh7 Ke5 42. c4 Rxa5 43. Re2 Rc5 44. Rc2 Rdc6 45. Re7+ Kf4 46. Ke1 Rxc4 47. Rf2+ Ke3 48. Re2+ Kf4 49. Rf2+ Kg5 50. Rg7+ Kf6 51. Rg8 Rc1+ 52. Ke2 R6c2+ 53. Ke3 Re1+ 0-1

[Event "Titled Tuesday intern op 10th Aug"]
[Site "Chess.com INT"]
[Date "2021.08.10"]
[Round "5"]
[White "Damjanovic, Vladimir"]
[Black "Bach, Ngoc Thuy Duong"]
[Result "0-1"]
[WhiteElo "2393"]
[BlackElo "2198"]
[PlyCount "110"]
[EventDate "2021.08.10"]
[EventType "swiss (blitz)"]
[EventRounds "11"]
[EventCountry "USA"]
[SourceTitle "CBM 203 Extra"]
[Source "ChessBase"]
[SourceDate "2021.09.30"]
[SourceVersion "1"]
[SourceVersionDate "2021.09.30"]
[SourceQuality "1"]

1. e4 c5 2. Nf3 d6 3. d4 cxd4 4. Nxd4 Nf6 5. Nc3 a6 6. Rg1 e5 7. Nb3 Be6 8. g4 d5 9. exd5 Nxd5 10. Nxd5 Qxd5 11. Qxd5 Bxd5 12. Be3 Nc6 13. 0-0-0 Bf3 14. Re1 0-0-0 15. Rg3 Bd5 16. Bb6 Rd7 17. g5 Be6 18. Bg2 Bb4 19. c3 Bd6 20. Nc5 Bxc5 21. Bxc5 f6 22. h4 Kc7 23. b3 Rhd8 24. Be3 f5 25. Bxc6 Kxc6 26. f4 e4 27. Bd4 b5 28. b4 Bxa2 29. h5 Bb3 30. Kd2 g6 31. Rh1 Ba4 32. Ke3 Rd6 33. hxg6 hxg6 34. Rgh3 R8d7 35. Rh8 Kd5 36. R1h6 Kc4 37. Rc8+ Kb3 38. Rg8 Kc2 39. Rgxg6 Rxg6 40. Rxg6 Bb3 41. Rxa6 Rh7 42. Be5 Rh3+ 43. Kd4 Rxc3 44. g6 Rc4+ 45. Ke3 Rc8 46. g7 Rd8 47. Rd6 Rxd6 48. Bxd6 Bg8 49. Bc5 Kc3 50. Bf8 Kc4 51. Be7 Kc3 52. Bc5 Kc4 53. Kf2 Kd3 54. Be3 Kc3 55. Bc5 Kd3 0-1

[Event "Titled Tuesday intern op 10th Aug"]
[Site "Chess.com INT"]
[Date "2021.08.10"]
[Round "1"]
[White "Kriti, Mayur Patel"]
[Black "Damjanovic, Vladimir"]
[Result "0-1"]
[WhiteElo "1394"]
[BlackElo "2393"]
[PlyCount "56"]
[EventDate "2021.08.10"]
[EventType "swiss (blitz)"]
[EventRounds "11"]
[EventCountry "USA"]
[SourceTitle "CBM 203 Extra"]
[Source "ChessBase"]
[SourceDate "2021.09.30"]
[SourceVersion "1"]
[SourceVersionDate "2021.09.30"]
[SourceQuality "1"]

1. e4 c5 2. d4 cxd4 3. c3 dxc3 4. Nxc3 e6 5. Nf3 a6 6. Bc4 Nc6 7. 0-0 b5 8. Bb3 Bb7 9. Nd5 Na5 10. Bf4 exd5 11. exd5 d6 12. Re1+ Be7 13. Bg5 Kf8 14. Bxe7+ Nxe7 15. Ng5 Ng6 16. Ne6+ fxe6 17. Qf3+ Qf6 18. Rxe6 Qxf3 19. gxf3 Nxb3 20. axb3 Rd8 21. Rae1 Kf7 22. Kg2 Nf4+ 23. Kg3 Nxe6 24. dxe6+ Ke7 25. f4 g6 26. f5 gxf5 27. Kf4 Rhg8 28. Kxf5 Rdf8# 0-1

[Event "Titled Tuesday intern op 03rd Aug"]
[Site "Chess.com INT"]
[Date "2021.08.03"]
[Round "9"]
[White "Damjanovic, Vladimir"]
[Black "Quispe Arteaga, Gabriel"]
[Result "1/2-1/2"]
[WhiteElo "2393"]
[BlackElo "2401"]
[PlyCount "150"]
[EventDate "2021.08.03"]
[EventType "swiss (blitz)"]
[EventRounds "11"]
[EventCountry "USA"]
[SourceTitle "CBM 203 Extra"]
[Source "ChessBase"]
[SourceDate "2021.09.30"]
[SourceVersion "1"]
[SourceVersionDate "2021.09.30"]
[SourceQuality "1"]

1. d4 Nf6 2. Nc3 d5 3. Bf4 e6 4. Nb5 Na6 5. e3 c6 6. Nc3 Nc7 7. Nf3 Bd6 8. Bd3 b6 9. 0-0 Bb7 10. Ne5 Qe7 11. a4 a5 12. e4 0-0 13. Re1 Rad8 14. exd5 Ncxd5 15. Nxd5 Nxd5 16. Bg3 Nb4 17. Be4 c5 18. c3 Bxe4 19. Rxe4 Bxe5 20. Bxe5 Nc6 21. Qh5 Nxe5 22. dxe5 Rd5 23. h3 Rfd8 24. Rg4 g6 25. Qh6 Rxe5 26. Rh4 Qf6 27. Qxh7+ Kf8 28. Qh8+ Ke7 29. Qxf6+ Kxf6 30. Rf4+ Ke7 31. b4 Rd3 32. bxa5 bxa5 33. Rf3 Rd2 34. Rb1 f5 35. h4 Re4 36. Rb5 Rxh4 37. g3 Rxa4 38. Rxc5 Ra1+ 39. Kg2 a4 40. c4 Kf6 41. Re3 Rad1 42. Rce5 Rd6 43. Ra5 Ra1 44. c5 Rc6 45. f4 g5 46. fxg5+ Kxg5 47. Kf3 Rf1+ 48. Ke2 Ra1 49. Rd3 Ra2+ 50. Kf3 e5 51. Rd6 e4+ 52. Ke3 Ra3+ 53. Kd4 Rd3+ 54. Ke5 Rc8 55. c6 Rxd6 56. Kxd6 e3 57. Kd7 e2 58. Kxc8 e1Q 59. Ra7 Qc3 60. c7 a3 61. Kb8 Qb4+ 62. Rb7 Qd6 63. Ra7 Qb6+ 64. Rb7 Qd6 65. Ra7 Qxg3 66. Ka8 Qc3 67. Kb8 f4 68. c8Q Qxc8+ 69. Kxc8 f3 70. Rxa3 Kf4 71. Kd8 f2 72. Ra7 Kf3 73. Rf7+ Ke2 74. Kd7 f1Q 75. Rxf1 Kxf1 1/2-1/2

[Event "Titled Tuesday intern op 03rd Aug"]
[Site "Chess.com INT"]
[Date "2021.08.03"]
[Round "2"]
[White "Gupta, Abhijeet"]
[Black "Damjanovic, Vladimir"]
[Result "1-0"]
[WhiteElo "2612"]
[BlackElo "2393"]
[PlyCount "61"]
[EventDate "2021.08.03"]
[EventType "swiss (blitz)"]
[EventRounds "11"]
[EventCountry "USA"]
[SourceTitle "CBM 203 Extra"]
[Source "ChessBase"]
[SourceDate "2021.09.30"]
[SourceVersion "1"]
[SourceVersionDate "2021.09.30"]
[SourceQuality "1"]

1. Nf3 Nf6 2. c4 g6 3. Nc3 Bg7 4. e4 d6 5. d4 0-0 6. h3 c5 7. d5 b5 8. cxb5 a6 9. a4 e6 10. dxe6 Bxe6 11. Be2 axb5 12. Bxb5 Na6 13. 0-0 Nc7 14. Bd3 d5 15. exd5 Ncxd5 16. Nxd5 Nxd5 17. Ng5 Qb6 18. Nxe6 fxe6 19. Bc4 Rfd8 20. Qe2 Kh8 21. a5 Rxa5 22. Rxa5 Qxa5 23. Qxe6 Nb6 24. Bg5 Rb8 25. Bf4 Rf8 26. Bd6 Ra8 27. Bc7 Qb4 28. Bxb6 Bxb2 29. Bc7 Bd4 30. Qe5+ Bxe5 31. Bxe5# 1-0

[Event "Titled Tuesday intern op 27th July"]
[Site "Chess.com INT"]
[Date "2021.07.27"]
[Round "2"]
[White "Damjanovic, Vladimir"]
[Black "Quintiliano Pinto, Renato Rodrigues"]
[Result "0-1"]
[WhiteElo "2393"]
[BlackElo "2469"]
[PlyCount "94"]
[EventDate "2021.07.27"]
[EventType "swiss (blitz)"]
[EventRounds "11"]
[EventCountry "USA"]
[SourceTitle "CBM 203 Extra"]
[Source "ChessBase"]
[SourceDate "2021.09.30"]
[SourceVersion "1"]
[SourceVersionDate "2021.09.30"]
[SourceQuality "1"]

1. d4 Nf6 2. Nc3 d5 3. Bf4 e6 4. Nb5 Na6 5. e3 Be7 6. Nf3 0-0 7. Bd3 c5 8. Nc3 Nb4 9. Be2 b6 10. Ne5 Bb7 11. 0-0 Nc6 12. Bf3 Nd7 13. Nxc6 Bxc6 14. e4 dxe4 15. Bxe4 Bxe4 16. Nxe4 cxd4 17. Qxd4 Nc5 18. Qxd8 Rfxd8 19. Nxc5 Bxc5 20. Rfd1 Rac8 21. Kf1 f6 22. Ke2 e5 23. Bg3 Kf7 24. f3 Ke6 25. c3 h5 26. h3 Be7 27. Bf2 f5 28. Rxd8 Bxd8 29. Rd1 Be7 30. Rd2 b5 31. Rc2 a6 32. b3 g5 33. c4 Bb4 34. Be3 f4 35. Bf2 Kf5 36. Kd3 Rd8+ 37. Ke2 Rc8 38. Kd3 Rd8+ 39. Ke2 g4 40. hxg4+ hxg4 41. c5 e4 42. fxe4+ Kxe4 43. c6 f3+ 44. gxf3+ gxf3+ 45. Kf1 Rd1+ 46. Be1 Bxe1 47. c7 Bg3# 0-1

[Event "Titled Tuesday intern op 27th July"]
[Site "Chess.com INT"]
[Date "2021.07.27"]
[Round "3"]
[White "Kuruppu, Supun Dasantha"]
[Black "Damjanovic, Vladimir"]
[Result "0-1"]
[WhiteElo "1826"]
[BlackElo "2393"]
[PlyCount "144"]
[EventDate "2021.07.27"]
[EventType "swiss (blitz)"]
[EventRounds "11"]
[EventCountry "USA"]
[SourceTitle "CBM 203 Extra"]
[Source "ChessBase"]
[SourceDate "2021.09.30"]
[SourceVersion "1"]
[SourceVersionDate "2021.09.30"]
[SourceQuality "1"]

1. d4 Nf6 2. Nf3 g6 3. Bf4 Bg7 4. Nc3 0-0 5. e4 d6 6. Qd2 Bg4 7. h3 Bxf3 8. gxf3 Nbd7 9. h4 c5 10. dxc5 Nxc5 11. h5 Nxh5 12. Rxh5 gxh5 13. Bh6 e6 14. Bxg7 Kxg7 15. 0-0-0 e5 16. Bc4 Kh8 17. Qh6 Rg8 18. Kb1 Rg6 19. Qxh5 Qg5 20. Qh3 Rh6 21. Qf1 Ne6 22. Rxd6 Nd4 23. Rd5 Rg8 24. b4 Qg1 25. Kb2 Qxf1 26. Bxf1 Nxf3 27. Rd7 Rf8 28. Rxb7 Rb6 29. Rxb6 axb6 30. Nd5 Rb8 31. a4 h5 32. c3 h4 33. Kc2 Ng5 34. Bg2 h3 35. Bh1 Ne6 36. Kd3 Kg7 37. Ke3 Kg6 38. Kf3 Kg5 39. Kg3 Nf4 40. Ne7 Kf6 41. Nc6 Rg8+ 42. Kh2 Ke6 43. b5 Kd6 44. c4 f6 45. Bf3 Kc5 46. Ne7 Rg7 47. Nf5 Rd7 48. Ne3 Rd2 49. Kg3 Ra2 50. Bg4 Rxa4 51. Bxh3 Nxh3 52. Kxh3 Kd4 53. Nd5 Rxc4 54. Nxb6 Rb4 55. Nd5 Rxb5 56. Nxf6 Rb6 57. Nd5 Rh6+ 58. Kg3 Kxe4 59. Nc3+ Kd3 60. Nd5 Rg6+ 61. Kf3 e4+ 62. Kf4 Rg8 63. f3 Rf8+ 64. Kg3 Rxf3+ 65. Kg2 Rf8 66. Nb4+ Kd2 67. Nd5 e3 68. Nb6 e2 69. Nc4+ Kc1 70. Ne3 e1Q 71. Nf1 Qxf1+ 72. Kg3 Qf2+ 0-1